Pharmaceutical marketing (Record no. 18974)
[ view plain ]
| 000 -LEADER | |
|---|---|
| fixed length control field | 00562nam a22001817a 4500 |
| 008 - FIXED-LENGTH DATA ELEMENTS--GENERAL INFORMATION | |
| fixed length control field | 210614b xxu||||| |||| 00| 0 eng d |
| 020 ## - INTERNATIONAL STANDARD BOOK NUMBER | |
| International Standard Book Number | 0789015839 |
| 050 ## - LIBRARY OF CONGRESS CALL NUMBER | |
| Classification number | HD9665.5 |
| Item number | .P43 2002 c.1 |
| 245 ## - TITLE STATEMENT | |
| Title | Pharmaceutical marketing |
| Remainder of title | principles, environment and practice |
| Statement of responsibility, etc. | Simth, Mickey C. [et ...al.]. |
| 260 ## - PUBLICATION, DISTRIBUTION, ETC. (IMPRINT) | |
| Place of publication, distribution, etc. | New York |
| Name of publisher, distributor, etc. | Informa healthcare |
| Date of publication, distribution, etc. | 2002 |
| 300 ## - PHYSICAL DESCRIPTION | |
| Extent | xvi, 371p. |
| 650 ## - SUBJECT ADDED ENTRY--TOPICAL TERM | |
| Topical term or geographic name as entry element | Drugs |
| Form subdivision | marketing |
| 650 ## - SUBJECT ADDED ENTRY--TOPICAL TERM | |
| Topical term or geographic name as entry element | Pharmaceutical industry |
| 700 ## - ADDED ENTRY--PERSONAL NAME | |
| Personal name | Kolassa, E. M. Mick |
| 700 ## - ADDED ENTRY--PERSONAL NAME | |
| Personal name | Perkins, Greg |
| 700 ## - ADDED ENTRY--PERSONAL NAME | |
| Numeration | Siecker, Bruce |
| 942 ## - ADDED ENTRY ELEMENTS (KOHA) | |
| Source of classification or shelving scheme | Library of Congress Classification |
| Koha item type | General Collection |
| Withdrawn status | Lost status | Source of classification or shelving scheme | Not for loan | Home library | Current library | Date acquired | Cost, normal purchase price | Total Checkouts | Full call number | Barcode | Date last seen | Price effective from | Koha item type |
|---|---|---|---|---|---|---|---|---|---|---|---|---|---|
| Library of Congress Classification | Kabarak, Main Campus | Kabarak, Main Campus | 14/06/2021 | 3676.00 | HD9665.5 .P43 2002 c.1 | 032969 | 02/08/2024 | 14/06/2021 | General Collection | ||||
| Library of Congress Classification | Kabarak, Main Campus | Kabarak, Main Campus | 14/06/2021 | 3676.00 | HD9665.5 .P43 2002 c.2 | 032970 | 02/08/2024 | 14/06/2021 | General Collection | ||||
| Library of Congress Classification | Kabarak, Main Campus | Kabarak, Main Campus | 14/06/2021 | 3676.00 | HD9665.5 .P43 2002 c.3 | 032971 | 02/08/2024 | 14/06/2021 | General Collection | ||||
| Library of Congress Classification | Kabarak, Main Campus | Kabarak, Main Campus | 14/06/2021 | 3676.00 | HD9665.5 .P43 2002 c.4 | 032972 | 02/08/2024 | 14/06/2021 | General Collection | ||||
| Library of Congress Classification | Kabarak, Main Campus | Kabarak, Main Campus | 14/06/2021 | 3676.00 | HD9665.5 .P43 2002 c.5 | 032973 | 02/08/2024 | 14/06/2021 | General Collection |